| 000 | 01649nam a2200361 i 4500 | ||
|---|---|---|---|
| 001 | 195551 | ||
| 003 | SpMaBN | ||
| 005 | 20241025063100.0 | ||
| 007 | ta | ||
| 008 | 240621s1999 sp a spa | ||
| 016 | 7 |
_abimoBNE20040516451 _2SpMaBN |
|
| 017 |
_aMU 658-1999 _bOficina Depósito Legal Murcia |
||
| 035 | _a(OCoLC)434096415 | ||
| 035 | _aMimo0002205366 | ||
| 040 |
_aSpMaBN _bspa _cSpMaBN _erdc _dES-MaACL |
||
| 080 | _a74 Lucas, José (083.824) | ||
| 100 | 1 |
_aLucas, José _d1945-2023 _0XX1015784 _9237169 _edrm |
|
| 245 | 1 | 3 |
_aLa mirada : _blos dibujos de la bahía ; obra 1985 / _cJosé Lucas. |
| 260 |
_aMurcia : _bLa Ribera, Galería de Arte, _c1999. _f(A.G. Novograf) |
||
| 300 |
_a[22] p. : _bprincipalmente il col. y n. ; _c22 cm |
||
| 336 |
_2rdacontent _atexto |
||
| 337 |
_2rdamedia _asin mediación |
||
| 338 |
_2rdacarrier _avolumen |
||
| 600 | 1 | 7 |
_aLucas, José _d1945-2023 _vExposiciones _2embne _9237170 |
| 655 | 7 |
_2tgfbne _9176539 _aPoesías |
|
| 710 | 2 |
_aLa Ribera Galería de Arte _9237171 _eedt |
|
| 852 |
_aES-MaACL _cDEPOF _jFOLL-BUE-110 _gDedicatoria manuscrita del autor, José Lucas, para Antonio Buero Vallejo en hoja de guarda: "Para Antonio Buero Vallejo, tan imprescindible en la cortisima nómina del gran teatro universal actual. Con la vieja devoción y admiración por su obra. Su partidario y amigo. [Firma y rúbrica] 1999". _hLegado: Antonio Buero Vallejo _9203757 |
||
| 903 |
_932421 _aBuero Vallejo, Antonio, _q1 _d1916-2000 _ednr |
||
| 942 |
_n0 _cFOLLETOS |
||
| 999 |
_c195551 _d195551 |
||